[Event "24. Torneo San Viator"]
[Site "Madrid ESP"]
[Date "2015.04.26"]
[Round "5.31"]
[White "Olias Ruiz, Enrique"]
[Black "Serrano Gonzalez, Oscar"]
[Result "0-1"]
[WhiteElo "1207"]
[BlackElo "1725"]
[PlyCount "76"]
[EventDate "2015.03.22"]
[EventType "swiss"]
[EventRounds "9"]
[EventCountry "ESP"]
[Source "lmi"]
[SourceDate "2015.03.22"]

1. e4 c5 2. Nc3 d6 3. Bc4 Nf6 4. h3 a6 5. d3 e6 6. a4 d5 7. exd5 exd5 8. Qe2+
Be7 9. Ba2 h6 10. Nf3 Nc6 11. O-O O-O 12. Bf4 Be6 13. Nd1 Bd6 14. Qd2 Bxf4 15.
Qxf4 Nh5 16. Qe3 d4 17. Qe4 Bxa2 18. Rxa2 Re8 19. Qf5 Nb4 20. Ra1 Qd5 21. Qxd5
Nxd5 22. Re1 Nb4 23. Rc1 Nf4 24. b3 Rxe1+ 25. Nxe1 Ne2+ 26. Kh2 Nxc1 27. Nf3
Nxc2 28. Nb2 Nxb3 29. Nc4 b5 30. axb5 axb5 31. Nd6 b4 32. Nb7 Rb8 33. Nd6 Nc1
34. Ne5 b3 35. Ndc4 f6 36. Nd7 b2 37. Nxb8 b1=Q 38. Nd7 Ne2 0-1

[Event "24. Torneo San Viator"]
[Site "Madrid ESP"]
[Date "2015.04.26"]
[Round "5.32"]
[White "Sierra Bermejo, Gregorio"]
[Black "Sirera Andres, Dario"]
[Result "1-0"]
[WhiteElo "1605"]
[BlackElo "1293"]
[PlyCount "89"]
[EventDate "2015.03.22"]
[EventType "swiss"]
[EventRounds "9"]
[EventCountry "ESP"]
[Source "lmi"]
[SourceDate "2015.03.22"]

1. e4 c5 2. Nf3 d6 3. d4 cxd4 4. Nxd4 Nf6 5. Nc3 g6 6. Be3 Bg7 7. f3 O-O 8. Qd2
Nc6 9. O-O-O Bd7 10. h4 h5 11. Nb3 a6 12. Bh6 b5 13. Bxg7 Kxg7 14. g3 Qb6 15.
Bg2 Rfd8 16. Nd5 Nxd5 17. exd5 Ne5 18. Rde1 Re8 19. Qd4 Qxd4 20. Nxd4 a5 21.
Bh3 Bxh3 22. Rxh3 a4 23. Nxb5 Rac8 24. Nd4 Nd3+ 25. Kd2 Nxe1 26. Kxe1 Rb8 27.
b3 axb3 28. axb3 Rb4 29. c3 Rbb8 30. b4 e5 31. Nc6 Rbc8 32. Rh2 e4 33. fxe4
Rxe4+ 34. Re2 Rg4 35. Kf2 Rc4 36. Re3 R4xc6 37. dxc6 Rxc6 38. Ke2 Kf8 39. Kd3
Rc7 40. Kd4 Re7 41. b5 Rxe3 42. Kxe3 Ke7 43. c4 f6 44. Kd4 Ke6 45. Ke4 1-0

[Event "24. Torneo San Viator"]
[Site "Madrid ESP"]
[Date "2015.04.26"]
[Round "5.36"]
[White "Mora Gonzalez-Rojas, Francisco"]
[Black "Martinez Rubio, Felipe"]
[Result "0-1"]
[WhiteElo "1586"]
[BlackElo "1793"]
[PlyCount "140"]
[EventDate "2015.03.22"]
[EventType "swiss"]
[EventRounds "9"]
[EventCountry "ESP"]
[Source "lmi"]
[SourceDate "2015.03.22"]

1. e4 c6 2. Nf3 d5 3. exd5 cxd5 4. Bb5+ Bd7 5. Bxd7+ Qxd7 6. O-O e6 7. Ne5 Qc7
8. d4 Nc6 9. Nxc6 bxc6 10. Be3 Nf6 11. Nc3 h5 12. h3 g6 13. Qf3 Bg7 14. Bf4 Qe7
15. Be5 O-O 16. Qf4 Rfd8 17. Rfe1 Nd7 18. Bxg7 Kxg7 19. b3 Qb4 20. Ne2 c5 21.
dxc5 Qxc5 22. Qd4+ e5 23. Qxc5 Nxc5 24. Rad1 d4 25. Ng3 f6 26. Ne4 Rac8 27.
Nxc5 Rxc5 28. Rd2 Rdc8 29. Ree2 Rc3 30. f3 g5 31. Kf2 Kf7 32. g4 Rh8 33. Kg2 h4
34. Rd3 Rc6 35. a4 Rhc8 36. Rdd2 Rc3 37. Kf2 a5 38. Kg2 Rd8 39. Rd3 Rxd3 40.
cxd3 Rc8 41. Rb2 Rc3 42. b4 axb4 43. Rxb4 Rxd3 44. a5 Ra3 45. Rb7+ Kg6 46. Ra7
Ra2+ 47. Kf1 d3 48. Ke1 Rh2 49. a6 Rxh3 50. Ra8 Rh1+ 51. Kd2 Ra1 52. a7 Kg7 53.
Kxd3 h3 54. Rc8 Rxa7 55. Rc2 Kg6 56. Rh2 Ra3+ 57. Ke4 Ra4+ 58. Ke3 f5 59. gxf5+
Kxf5 60. Rxh3 Ra3+ 61. Kf2 Kf4 62. Ke2 e4 63. Rh1 exf3+ 64. Kf2 Ra2+ 65. Kg1
Kg3 66. Rh3+ Kxh3 67. Kf1 Kg3 68. Ke1 Kg2 69. Kd1 f2 70. Kc1 f1=R# 0-1

[Event "24. Torneo San Viator"]
[Site "Madrid ESP"]
[Date "2015.04.26"]
[Round "5.37"]
[White "Del Noval Nemeshazi, Mario"]
[Black "Garces Adan, Jose A"]
[Result "0-1"]
[WhiteElo "1275"]
[BlackElo "1776"]
[PlyCount "102"]
[EventDate "2015.03.22"]
[EventType "swiss"]
[EventRounds "9"]
[EventCountry "ESP"]
[Source "lmi"]
[SourceDate "2015.03.22"]

1. e4 e5 2. Nf3 Nc6 3. d4 exd4 4. Nxd4 d6 5. Nxc6 bxc6 6. Nc3 Nf6 7. Bg5 Be7 8.
Bd3 h6 9. Bh4 O-O 10. O-O Nd7 11. Bxe7 Qxe7 12. Re1 Qh4 13. Qf3 Rb8 14. b3 Ne5
15. Qg3 Qf6 16. Re3 Ng4 17. e5 Nxe5 18. Ne4 Nf3+ 19. Rxf3 Qxa1+ 20. Bf1 f5 21.
Qf4 Ba6 22. Ng3 Rbe8 23. Re3 Rxe3 24. fxe3 Bxf1 25. Qxf1 Qxf1+ 26. Nxf1 Kf7 27.
Kf2 Ke6 28. Kf3 d5 29. Nd2 Ke5 30. c3 g5 31. h3 h5 32. a3 g4+ 33. Kg3 f4+ 34.
Kf2 g3+ 35. Ke2 fxe3 36. Nf3+ Rxf3 37. Kxf3 d4 38. c4 a5 39. b4 axb4 40. axb4
Kf5 41. h4 Ke5 42. c5 Kd5 43. Ke2 Kc4 44. Ke1 d3 45. Kd1 Kc3 46. Ke1 Kc2 47. b5
cxb5 48. c6 b4 49. Kf1 b3 50. Ke1 b2 51. Kf1 b1=R# 0-1

[Event "24. Torneo San Viator"]
[Site "Madrid ESP"]
[Date "2015.04.26"]
[Round "5.39"]
[White "Gonzalez Hilla, Antonio"]
[Black "Ingunza Curro, Andres"]
[Result "0-1"]
[WhiteElo "1541"]
[BlackElo "1311"]
[PlyCount "54"]
[EventDate "2015.03.22"]
[EventType "swiss"]
[EventRounds "9"]
[EventCountry "ESP"]
[Source "lmi"]
[SourceDate "2015.03.22"]

1. e4 e5 2. d4 exd4 3. c3 dxc3 4. Bc4 c6 5. Nxc3 Bc5 6. e5 Bxf2+ 7. Kf1 Bc5 8.
Qf3 d5 9. exd6 Nf6 10. Ne4 Bxd6 11. Bg5 Be5 12. Rd1 Qe7 13. Qb3 O-O 14. Nf3 b5
15. Bxb5 cxb5 16. Qxb5 Ba6 17. Qxa6 Nxa6 18. Re1 h6 19. Bh4 Qe6 20. b3 Qf5 21.
Ng3 Bxg3 22. Bxg3 Qd3+ 23. Kg1 Rfe8 24. Ne5 Qc3 25. h3 Nc5 26. Kh2 Nfe4 27.
Rhf1 Qxg3+ 0-1

[Event "24. Torneo San Viator"]
[Site "Madrid ESP"]
[Date "2015.04.26"]
[Round "5.46"]
[White "Diaz Del Prado, Carlos"]
[Black "Rodriguez Varela, Alvaro"]
[Result "0-1"]
[WhiteElo "1274"]
[BlackElo "1745"]
[PlyCount "56"]
[EventDate "2015.03.22"]
[EventType "swiss"]
[EventRounds "9"]
[EventCountry "ESP"]
[Source "lmi"]
[SourceDate "2015.03.22"]

1. c4 Nf6 2. Nc3 e5 3. Nf3 Nc6 4. g3 d5 5. e3 e4 6. cxd5 Nxd5 7. Nxe4 Ndb4 8.
Qb3 Bf5 9. d3 Be6 10. Qc3 Nxa2 11. Qc2 Nab4 12. Qc3 Qd7 13. Nc5 Bxc5 14. Qxc5
Nxd3+ 15. Bxd3 Qxd3 16. Ra3 Qe4 17. Qh5 Bd5 18. Ke2 Bc4+ 19. Ke1 Nd4 20. Qe5+
Qxe5 21. Nxe5 Nc2+ 22. Kd2 Nxa3 23. bxa3 Bd5 24. Rd1 O-O-O 25. Ke1 Bb3 26.
Rxd8+ Rxd8 27. Ke2 f6 28. Nf3 Bd1+ 0-1

[Event "24. Torneo San Viator"]
[Site "Madrid ESP"]
[Date "2015.04.26"]
[Round "5.47"]
[White "Quesada Perez, Jose"]
[Black "Castro Uceda, Jose Antonio"]
[Result "0-1"]
[WhiteElo "1464"]
[BlackElo "1604"]
[PlyCount "120"]
[EventDate "2015.03.22"]
[EventType "swiss"]
[EventRounds "9"]
[EventCountry "ESP"]
[Source "lmi"]
[SourceDate "2015.03.22"]

1. e4 c5 2. Nf3 d6 3. g3 Nf6 4. e5 dxe5 5. Nxe5 Qd5 6. Nf3 Bg4 7. Bg2 Qe4+ 8.
Kf1 Qb4 9. c3 Qb5+ 10. d3 e5 11. Qe1 Qxd3+ 12. Kg1 Bxf3 13. Qxe5+ Be7 14. Nd2
Bxg2 15. Kxg2 Qd5+ 16. Qxd5 Nxd5 17. Re1 Nc6 18. Nf3 O-O 19. c4 Ndb4 20. Re2
Rad8 21. Bf4 Bf6 22. a3 Na6 23. Rae1 h6 24. h4 Nd4 25. Nxd4 Rxd4 26. b3 Rd3 27.
Re3 Rxe3 28. Rxe3 Nb8 29. Bd6 Rc8 30. Be7 Bd4 31. Re2 Nc6 32. g4 Re8 33. g5
Rxe7 34. Rxe7 Nxe7 35. gxh6 gxh6 36. h5 a6 37. Kf3 b5 38. cxb5 axb5 39. Ke2 Nd5
40. f3 Nf4+ 41. Kd2 Nxh5 42. Kd3 Kg7 43. a4 bxa4 44. bxa4 Nf6 45. Kc4 Nd7 46.
a5 Nb8 47. Kd5 Kf6 48. Ke4 h5 49. f4 h4 50. Kf3 Kf5 51. Kg2 Kxf4 52. Kh3 Bf6
53. Kh2 c4 54. Kh3 c3 55. Kh2 c2 56. Kh3 c1=Q 57. a6 Nxa6 58. Kh2 Qe1 59. Kg2
h3+ 60. Kxh3 Qh1# 0-1

[Event "24. Torneo San Viator"]
[Site "Madrid ESP"]
[Date "2015.04.26"]
[Round "5.48"]
[White "Vicioso Barbadillo, Juan J"]
[Black "Espinosa Palacios, Victoriano"]
[Result "0-1"]
[WhiteElo "1169"]
[BlackElo "1505"]
[PlyCount "62"]
[EventDate "2015.03.22"]
[EventType "swiss"]
[EventRounds "9"]
[EventCountry "ESP"]
[Source "lmi"]
[SourceDate "2015.03.22"]

1. e4 d6 2. d4 Nf6 3. Nc3 Nbd7 4. Be2 e5 5. Nf3 Be7 6. O-O O-O 7. Be3 b6 8. d5
Bb7 9. a3 c6 10. dxc6 Bxc6 11. b4 Nxe4 12. Nxe4 Bxe4 13. c4 Rc8 14. Rc1 Nf6 15.
Bd3 Bb7 16. Bf5 Rc7 17. a4 e4 18. Nd2 d5 19. c5 bxc5 20. bxc5 d4 21. Bf4 Rxc5
22. Rxc5 Bxc5 23. Nb3 Bb6 24. a5 Bxa5 25. Nxa5 Qxa5 26. Qxd4 Qxf5 27. Qe3 Nd5
28. Qxa7 Nxf4 29. Qxb7 e3 30. fxe3 Ne2+ 31. Kh1 Qxf1# 0-1

[Event "24. Torneo San Viator"]
[Site "Madrid ESP"]
[Date "2015.04.26"]
[Round "5.49"]
[White "Centeno Mateos, Domingo"]
[Black "Ingunza Curro, Alvaro"]
[Result "1-0"]
[WhiteElo "1483"]
[BlackElo "1150"]
[PlyCount "99"]
[EventDate "2015.03.22"]
[EventType "swiss"]
[EventRounds "9"]
[EventCountry "ESP"]
[Source "lmi"]
[SourceDate "2015.03.22"]

1. d4 d5 2. c4 c6 3. Nc3 Nf6 4. Nf3 e6 5. Bg5 Be7 6. e3 O-O 7. a3 h6 8. Bxf6
Bxf6 9. c5 Qe7 10. Bd3 Nd7 11. b4 e5 12. dxe5 Nxe5 13. Nd4 Nxd3+ 14. Qxd3 Be6
15. O-O Bxd4 16. exd4 Qg5 17. f4 Qf5 18. Qxf5 Bxf5 19. Rae1 Bd3 20. Rf3 Bf5 21.
Rfe3 Bd7 22. Kf2 Rae8 23. Re7 Rxe7 24. Rxe7 Rd8 25. g3 Kf8 26. Re3 Re8 27. Nd1
Bg4 28. Rxe8+ Kxe8 29. Ne3 f5 30. Kg2 Kf7 31. h3 Bh5 32. Nxf5 g6 33. Nxh6+ Kg7
34. Ng4 Bxg4 35. hxg4 Kf6 36. g5+ Kf5 37. Kf3 Ke6 38. g4 Kf7 39. f5 gxf5 40.
gxf5 Kg7 41. Kf4 Kf7 42. Ke5 Kg7 43. Ke6 Kf8 44. Kf6 Kg8 45. Ke7 Kh7 46. f6 Kg6
47. f7 Kg7 48. f8=Q+ Kh7 49. Qh6+ Kg8 50. g6 1-0

[Event "24. Torneo San Viator"]
[Site "Madrid ESP"]
[Date "2015.05.10"]
[Round "6.1"]
[White "Elissalt Cardenas, Hector"]
[Black "Andalon Gomez, Carlos J"]
[Result "1-0"]
[WhiteElo "2337"]
[BlackElo "2022"]
[PlyCount "61"]
[EventDate "2015.03.22"]
[EventType "swiss"]
[EventRounds "9"]
[EventCountry "ESP"]
[Source "lmi"]
[SourceDate "2015.03.22"]

1. Nf3 e6 2. b3 f5 3. Bb2 Nf6 4. g3 d5 5. c4 c6 6. Bg2 Bd6 7. O-O Nbd7 8. Qc2
O-O 9. cxd5 exd5 10. Nd4 Ne5 11. Nxf5 Bxf5 12. Qxf5 Qe7 13. Qc2 Rae8 14. Nc3
Nfg4 15. Nd1 Qf7 16. h3 Nh6 17. Ne3 Qh5 18. Rae1 Nef7 19. f4 Bb8 20. g4 Qh4 21.
Qc3 Qf6 22. Qxf6 gxf6 23. Bxf6 Nd6 24. Be5 Nhf7 25. Bb2 Ne4 26. Bxe4 Rxe4 27.
Nf5 Rfe8 28. e3 Bxf4 29. Ng7 Be5 30. Nxe8 Bxb2 31. Rxf7 1-0

[Event "24. Torneo San Viator"]
[Site "Madrid ESP"]
[Date "2015.05.10"]
[Round "6.2"]
[White "Julian Serra, Rogelio"]
[Black "Cervino Rossel, Cristobal"]
[Result "1/2-1/2"]
[WhiteElo "1984"]
[BlackElo "2102"]
[PlyCount "79"]
[EventDate "2015.03.22"]
[EventType "swiss"]
[EventRounds "9"]
[EventCountry "ESP"]
[Source "lmi"]
[SourceDate "2015.03.22"]

1. g3 Nf6 2. Bg2 g6 3. c4 Bg7 4. Nc3 O-O 5. d3 d6 6. Nf3 c5 7. O-O Nc6 8. Rb1
Bf5 9. a3 Qc8 10. Re1 Bh3 11. Bh1 h6 12. b4 Ng4 13. Nd5 Re8 14. Nf4 Nf6 15.
Nxh3 Qxh3 16. bxc5 Qd7 17. cxd6 exd6 18. Qa4 Rac8 19. Bb2 b6 20. Nd2 Qc7 21.
Ne4 Ne5 22. Nxf6+ Bxf6 23. Qb5 Bg7 24. a4 Qc5 25. Qxc5 dxc5 26. Kf1 Re7 27.
Bxe5 Bxe5 28. Rec1 Bc7 29. Rc2 Kf8 30. Ra2 Rd8 31. Bd5 Rde8 32. e4 Kg7 33. f4
h5 34. Kg2 h4 35. Kf3 hxg3 36. hxg3 Rh8 37. a5 Rh5 38. axb6 Bxb6 39. Kg2 Re8
40. g4 1/2-1/2

[Event "24. Torneo San Viator"]
[Site "Madrid ESP"]
[Date "2015.05.10"]
[Round "6.3"]
[White "Cabanas Bravo, Juan Andres"]
[Black "Cano Mercado, Francisco Manuel"]
[Result "1/2-1/2"]
[WhiteElo "2054"]
[BlackElo "1873"]
[PlyCount "64"]
[EventDate "2015.03.22"]
[EventType "swiss"]
[EventRounds "9"]
[EventCountry "ESP"]
[Source "lmi"]
[SourceDate "2015.03.22"]

1. e4 e6 2. Nf3 d5 3. Nc3 Nf6 4. e5 Nfd7 5. d4 c5 6. dxc5 Nc6 7. Bf4 Bxc5 8.
Bd3 f6 9. Nh4 Ndxe5 10. Qh5+ Nf7 11. Bxh7 Ne7 12. Ng6 Nxg6 13. Qxg6 Kf8 14. h4
Ne5 15. Bxe5 fxe5 16. Rh3 e4 17. O-O-O Qf6 18. h5 Qxg6 19. Bxg6 Ke7 20. f3 e3
21. f4 Bd7 22. f5 Bc6 23. fxe6 Kxe6 24. g4 Ke5 25. Rf3 Rhf8 26. Rdf1 Rxf3 27.
Rxf3 Rf8 28. Rf5+ Rxf5 29. Bxf5 d4 30. Ne2 Bf3 31. Kd1 Be7 32. Ke1 Bh4+ 1/2-1/2

[Event "24. Torneo San Viator"]
[Site "Madrid ESP"]
[Date "2015.05.10"]
[Round "6.4"]
[White "Gonzalez Berrendero, Carlos"]
[Black "Lozano Freras, Sergio"]
[Result "0-1"]
[WhiteElo "1779"]
[BlackElo "1992"]
[PlyCount "156"]
[EventDate "2015.03.22"]
[EventType "swiss"]
[EventRounds "9"]
[EventCountry "ESP"]
[Source "lmi"]
[SourceDate "2015.03.22"]

1. b3 e5 2. Bb2 Nc6 3. e3 Nf6 4. Bb5 Bd6 5. Na3 e4 6. Nc4 Be7 7. Nh3 a6 8. Bxc6
dxc6 9. Nf4 O-O 10. h3 Nd5 11. Nh5 Nf6 12. Ng3 Be6 13. Ne5 Bd6 14. c4 Re8 15.
Qc2 Bc8 16. Ng4 Nxg4 17. hxg4 Bxg3 18. fxg3 Bxg4 19. Rf1 Qd3 20. Qxd3 exd3 21.
Rf4 Be2 22. Kf2 Re6 23. Rh1 Rae8 24. Rd4 Rd6 25. Rdh4 h5 26. Rf4 f6 27. Ba3 Rd7
28. Bb4 Kf7 29. Bc3 c5 30. a3 Re6 31. Rf5 b6 32. b4 Bg4 33. Rd5 Red6 34. bxc5
Rxd5 35. cxd5 Rxd5 36. cxb6 Rf5+ 37. Ke1 cxb6 38. Rf1 Rb5 39. Kf2 Rb3 40. Rc1
Rxa3 41. e4 a5 42. Ke3 b5 43. Kxd3 b4 44. Ra1 Rxa1 45. Bxa1 b3 46. Kc4 a4 47.
Bb2 Bd7 48. d4 g5 49. Kc5 Ke6 50. Kb4 f5 51. d5+ Kd6 52. exf5 Bxf5 53. Kxa4 Bc2
54. Kb4 Kxd5 55. Kc3 Ke4 56. Kd2 Kd5 57. g4 hxg4 58. Bf6 Kc4 59. Bxg5 Be4 60.
Bf6 Bxg2 61. Ke3 Bc6 62. Kf4 Bf3 63. Ke3 Kb4 64. Bb2 Kc5 65. Kf4 Kd5 66. Ke3
Kc4 67. Bf6 Bd1 68. Bb2 g3 69. Bf6 g2 70. Kf2 Bf3 71. Bb2 Kd3 72. Bc1 Kc2 73.
Be3 b2 74. Kxf3 b1=Q 75. Kxg2 Kd3 76. Bf4 Ke4 77. Bg3 Qc2+ 78. Bf2 Qe2 0-1

[Event "24. Torneo San Viator"]
[Site "Madrid ESP"]
[Date "2015.05.10"]
[Round "6.5"]
[White "Aguado Solana, Juan"]
[Black "Villacorta Nicolas, David"]
[Result "1-0"]
[WhiteElo "2090"]
[BlackElo "1699"]
[PlyCount "77"]
[EventDate "2015.03.22"]
[EventType "swiss"]
[EventRounds "9"]
[EventCountry "ESP"]
[Source "lmi"]
[SourceDate "2015.03.22"]

1. d4 Nf6 2. Bg5 Ne4 3. Bh4 c5 4. f3 g5 5. fxe4 gxh4 6. e3 Bg7 7. Nf3 Nc6 8. c3
Qb6 9. Qc2 Bh6 10. Nbd2 d6 11. Nc4 Qc7 12. d5 Ne5 13. Ncxe5 dxe5 14. Bb5+ Kd8
15. Qf2 a6 16. d6 exd6 17. Nxe5 axb5 18. Qf6+ Qe7 19. Qxh8+ Kc7 20. Qxh7 Bxe3
21. Qxf7 Qxf7 22. Nxf7 Be6 23. Ke2 Bf4 24. Kf3 Bd2 25. Rhd1 Bxf7 26. Rxd2 Rxa2
27. Rxa2 Bxa2 28. Kg4 Bb1 29. Kxh4 Bxe4 30. Kg5 Kd7 31. Kf6 d5 32. Ke5 Kc6 33.
b4 b6 34. h4 Bg6 35. Rxd5 Bf7 36. Rd6+ Kc7 37. Rf6 Be8 38. g4 Bd7 39. Rf7 1-0

[Event "24. Torneo San Viator"]
[Site "Madrid ESP"]
[Date "2015.05.10"]
[Round "6.7"]
[White "Linares Leyva, David"]
[Black "Lopez De Turiso, Jose Angel"]
[Result "0-1"]
[WhiteElo "1782"]
[BlackElo "2046"]
[PlyCount "53"]
[EventDate "2015.03.22"]
[EventType "swiss"]
[EventRounds "9"]
[EventCountry "ESP"]
[Source "lmi"]
[SourceDate "2015.03.22"]

1. Nf3 f5 2. c4 Nf6 3. g3 d6 4. d4 e6 5. Bg2 Be7 6. O-O O-O 7. Nc3 Qe8 8. Qc2
Nbd7 9. Rd1 Qh5 10. Nb5 Bd8 11. b4 Ne4 12. c5 Ndf6 13. cxd6 cxd6 14. Bf4 Ne8
15. Rac1 g5 16. Bxd6 N8xd6 17. Nxd6 Nxd6 18. Ne5 a5 19. Qc5 Nf7 20. bxa5 Nxe5
21. dxe5 Qxe2 22. Qb4 Bxa5 23. Qe7 Qxe5 24. Qxg5+ Qg7 25. Qe3 Rd8 26. Qb3 Rxd1+
27. Rxd1 0-1

[Event "24. Torneo San Viator"]
[Site "Madrid ESP"]
[Date "2015.05.10"]
[Round "6.8"]
[White "De Vicente Guijarro, Juan"]
[Black "Tome Vazquez, Oscar"]
[Result "0-1"]
[WhiteElo "1757"]
[BlackElo "1987"]
[PlyCount "54"]
[EventDate "2015.03.22"]
[EventType "swiss"]
[EventRounds "9"]
[EventCountry "ESP"]
[Source "lmi"]
[SourceDate "2015.03.22"]

1. e4 g6 2. d4 Bg7 3. c4 d6 4. Nc3 e5 5. Nf3 Nc6 6. dxe5 dxe5 7. Qxd8+ Nxd8 8.
g3 Ne6 9. b3 f6 10. Ba3 Bf8 11. Bxf8 Kxf8 12. O-O-O c6 13. Bh3 Ke7 14. b4 Nh6
15. Nd2 Nf7 16. c5 b6 17. Na4 b5 18. Nc3 a5 19. bxa5 Nxc5 20. Bxc8 Rhxc8 21.
Nb3 Nxb3+ 22. axb3 Rxa5 23. Kb2 Ng5 24. h4 Ne6 25. Rd2 Rca8 26. Rhd1 Nd4 27.
Kb1 Ra3 0-1

[Event "24. Torneo San Viator"]
[Site "Madrid ESP"]
[Date "2015.05.10"]
[Round "6.9"]
[White "Navarro Moreno, Juan Carlos"]
[Black "Perez Gonzalez, Manuel"]
[Result "1-0"]
[WhiteElo "1970"]
[BlackElo "1582"]
[PlyCount "43"]
[EventDate "2015.03.22"]
[EventType "swiss"]
[EventRounds "9"]
[EventCountry "ESP"]
[Source "lmi"]
[SourceDate "2015.03.22"]

1. Nf3 Nf6 2. d4 d5 3. Bf4 e6 4. e3 Nc6 5. c3 Be7 6. Bd3 O-O 7. Nbd2 Bd7 8. Ne5
Nxe5 9. dxe5 Ne8 10. Qh5 g6 11. Qh3 Ng7 12. g4 Bg5 13. Nf3 Bxf4 14. exf4 f5 15.
Ng5 h5 16. gxh5 Nxh5 17. Be2 Qe8 18. Rg1 Kh8 19. Qh4 Kg7 20. Bxh5 Rh8 21. Nf3
Rxh5 22. Qxh5 1-0

[Event "24. Torneo San Viator"]
[Site "Madrid ESP"]
[Date "2015.05.10"]
[Round "6.11"]
[White "De Paredes Aguado, Alejandro"]
[Black "Rodriguez Orgaz, Cesar"]
[Result "1/2-1/2"]
[WhiteElo "1506"]
[BlackElo "1868"]
[PlyCount "75"]
[EventDate "2015.03.22"]
[EventType "swiss"]
[EventRounds "9"]
[EventCountry "ESP"]
[Source "lmi"]
[SourceDate "2015.03.22"]

1. e4 c5 2. Nf3 Nc6 3. Nc3 Nf6 4. d4 cxd4 5. Nxd4 e6 6. Be3 Bb4 7. Bg5 h6 8.
Nxc6 bxc6 9. Bd2 d5 10. e5 Bxc3 11. Bxc3 Ne4 12. Qg4 Qb6 13. Qf3 Rb8 14. b3
Nxc3 15. Qxc3 O-O 16. Bd3 Ba6 17. O-O Bxd3 18. Qxd3 a5 19. Rfe1 f6 20. Qh3 Rbe8
21. Qg3 fxe5 22. Rxe5 Rf6 23. Qe3 Qxe3 24. Rxe3 Kf7 25. Kf1 e5 26. Rc3 Ke7 27.
Rc5 Ra8 28. Re1 Kd6 29. Rc3 a4 30. b4 Rf4 31. a3 Raf8 32. Re2 Ra8 33. Rc5 Rd4
34. c3 Rd1+ 35. Re1 Rd2 36. Re2 Rd1+ 37. Re1 Rd2 38. Re2 1/2-1/2

[Event "24. Torneo San Viator"]
[Site "Madrid ESP"]
[Date "2015.05.10"]
[Round "6.13"]
[White "De Miguel Martin, Jorge"]
[Black "San Felipe Gonzalez, Tomas"]
[Result "1/2-1/2"]
[WhiteElo "2013"]
[BlackElo "1724"]
[PlyCount "48"]
[EventDate "2015.03.22"]
[EventType "swiss"]
[EventRounds "9"]
[EventCountry "ESP"]
[Source "lmi"]
[SourceDate "2015.03.22"]

1. e4 c5 2. Nf3 Nc6 3. Nc3 d6 4. d4 cxd4 5. Nxd4 g6 6. Be3 Bg7 7. Qd2 Nf6 8.
Nxc6 bxc6 9. Bh6 Bxh6 10. Qxh6 Qb6 11. Rb1 Ng4 12. Qd2 Ba6 13. Bxa6 Qxa6 14.
Qe2 Qxe2+ 15. Kxe2 Ne5 16. Rhd1 O-O 17. f4 Nc4 18. Rd4 Nb6 19. b3 f5 20. g3 c5
21. Rd3 fxe4 22. Nxe4 Rf5 23. Rbd1 h6 24. c4 Raf8 1/2-1/2

[Event "24. Torneo San Viator"]
[Site "Madrid ESP"]
[Date "2015.05.10"]
[Round "6.14"]
[White "Gueler Berdasco, Martin"]
[Black "Sierra Bermejo, Gregorio"]
[Result "1-0"]
[WhiteElo "1917"]
[BlackElo "1605"]
[PlyCount "73"]
[EventDate "2015.03.22"]
[EventType "swiss"]
[EventRounds "9"]
[EventCountry "ESP"]
[Source "lmi"]
[SourceDate "2015.03.22"]

1. b4 f5 2. Bb2 Nf6 3. c4 e6 4. a3 b6 5. Nf3 Bb7 6. g3 Bxf3 7. exf3 a5 8. Qb3
axb4 9. axb4 Rxa1 10. Bxa1 Nc6 11. b5 Na5 12. Qe3 Qe7 13. Bc3 Nb7 14. Bg2 Qf7
15. O-O Be7 16. f4 Nd6 17. d3 O-O 18. Nd2 Ng4 19. Qe2 Bf6 20. d4 g6 21. Ra1 Qg7
22. Qd3 h5 23. h3 Nh6 24. h4 Nhf7 25. Ra7 Ne8 26. Nf3 Ned6 27. Ne5 Nc8 28. Ra8
Nfd6 29. c5 bxc5 30. dxc5 Ne4 31. Bxe4 fxe4 32. Qxd7 Bxe5 33. Qxe6+ Kh7 34.
Bxe5 Qg8 35. Qxg8+ Kxg8 36. Bxc7 Re8 37. b6 1-0

[Event "24. Torneo San Viator"]
[Site "Madrid ESP"]
[Date "2015.05.10"]
[Round "6.15"]
[White "Cujba, Anca-Claudia"]
[Black "Ramirez De La Piscina G, Juan"]
[Result "0-1"]
[WhiteElo "1787"]
[BlackElo "1685"]
[PlyCount "129"]
[EventDate "2015.03.22"]
[EventType "swiss"]
[EventRounds "9"]
[EventCountry "ESP"]
[Source "lmi"]
[SourceDate "2015.03.22"]

1. b3 d5 2. Bb2 c5 3. e3 a6 4. d4 cxd4 5. Qxd4 Nc6 6. Qd2 e5 7. Nf3 e4 8. Ne5
Bb4 9. c3 Ba5 10. Nxc6 bxc6 11. b4 Bb6 12. c4 Nf6 13. Nc3 O-O 14. cxd5 cxd5 15.
Rd1 Be6 16. Be2 Qd6 17. a3 Rfd8 18. O-O Bc7 19. g3 Bh3 20. Rfe1 Qe6 21. Na4 Ng4
22. Bf1 Qh6 23. Be2 Nxh2 24. Bxg7 Kxg7 25. Qc3+ Kg8 26. Qxc7 Nf3+ 27. Bxf3 exf3
28. Qf4 Bg2 29. Qh4 Rd6 30. Rd4 Re8 31. Rg4+ Kf8 32. Nc5 Qxh4 33. Rxh4 d4 34.
Rxh7 Kg8 35. Rh4 Kg7 36. Nd3 dxe3 37. Rg4+ Kf8 38. Nf4 exf2+ 39. Kxf2 Rd2+ 40.
Ne2 Rdxe2+ 41. Rxe2 Rxe2+ 42. Kg1 Ra2 43. Rc4 Rxa3 44. Rc8+ Kg7 45. Rc6 Rb3 46.
Rxa6 Rxb4 47. Kf2 f6 48. Ra1 Kg6 49. Ra5 Re4 50. Kg1 f5 51. Kf2 Re2+ 52. Kg1
Kg5 53. Ra4 Re4 54. Ra8 Bh3 55. Kf2 Bg4 56. Rg8+ Kf6 57. Ra8 Re2+ 58. Kg1 Rg2+
59. Kh1 Rxg3 60. Ra2 Rg2 61. Ra6+ Kg5 62. Rg6+ Kf4 63. Ra6 Rb2 64. Ra1 Kg3 65.
Ra3 0-1

[Event "24. Torneo San Viator"]
[Site "Madrid ESP"]
[Date "2015.05.10"]
[Round "6.16"]
[White "Barahona Torrijos, Angel"]
[Black "Dominguez Afonso, Ayraldo"]
[Result "0-1"]
[WhiteElo "1782"]
[BlackElo "1604"]
[PlyCount "194"]
[EventDate "2015.03.22"]
[EventType "swiss"]
[EventRounds "9"]
[EventCountry "ESP"]
[Source "lmi"]
[SourceDate "2015.03.22"]

1. e4 e6 2. d4 d5 3. Nc3 Bb4 4. e5 c5 5. Bd2 a6 6. Qg4 Ne7 7. Qxg7 Rg8 8. Qxh7
cxd4 9. Ne4 Bxd2+ 10. Nxd2 Qc7 11. f4 Nbc6 12. Ngf3 Bd7 13. Ng5 Rxg5 14. fxg5
Qxe5+ 15. Be2 d3 16. cxd3 Nd4 17. O-O Nxe2+ 18. Kh1 Qxg5 19. Qxf7+ Kd8 20. Nb3
Rc8 21. Qf8+ Be8 22. Qf2 Rc2 23. Qb6+ Rc7 24. Nc5 Ng3+ 25. hxg3 Qh6+ 26. Kg1
Qe3+ 27. Kh2 Qxc5 28. Qxc5 Rxc5 29. Rac1 Rxc1 30. Rxc1 Nc6 31. Kh3 Bg6 32. Rc3
e5 33. Kg4 d4 34. Rb3 b5 35. Kg5 Bf7 36. Ra3 a5 37. Kf6 Bh5 38. Rxa5 Nxa5 39.
Kxe5 Nc6+ 40. Kd6 Nb4 41. Kc5 Nxd3+ 42. Kxd4 Nxb2 43. Kc3 Nd1+ 44. Kb4 Be2 45.
a4 bxa4 46. Kxa4 Ke7 47. Kb4 Kf6 48. Kc5 Kg5 49. Kd4 Kg4 50. Ke4 Kxg3 51. Kd4
Kxg2 52. Ke5 Kf3 53. Kd4 Kf4 54. Kc5 Ke5 55. Kb4 Ne3 56. Kc3 Ke4 57. Kd2 Bd3
58. Kc3 Nd5+ 59. Kd2 Kd4 60. Kc1 Kc3 61. Kd1 Nf6 62. Kc1 Ne4 63. Kd1 Kb2 64.
Ke1 Bc2 65. Ke2 Kc3 66. Ke3 Bd3 67. Kf4 Kd4 68. Kf5 Kd5 69. Kf4 Nc5 70. Ke3 Kc4
71. Kd2 Nb3+ 72. Ke3 Kc3 73. Kf4 Kd4 74. Kg5 Ke5 75. Kh6 Kf6 76. Kh5 Bf5 77.
Kh6 Nd4 78. Kh5 Ne6 79. Kh6 Ng5 80. Kh5 Nf7 81. Kh4 Ke5 82. Kh5 Kf4 83. Kh4 Bg6
84. Kh3 Ng5+ 85. Kg2 Ne4 86. Kh3 Bh5 87. Kh4 Bf3 88. Kh3 Ng3 89. Kh4 Nf5+ 90.
Kh3 Ke3 91. Kh2 Ke2 92. Kh3 Kf2 93. Kh2 Bg4 94. Kh1 Bh3 95. Kh2 Bf1 96. Kh1 Nd4
97. Kh2 Nf3+ 0-1